000 01043nam a2200289Ia 4500
001 Para_389
003 CHAP
008 220125s2001 xx 000 0 und d
010 _a199144
040 _cCHAP
090 _aPA TESIS 1508
100 _aEscatante Ruiz, Julio Cesar
_9164480
245 _aModelo de aplicación de GLP (Godd Laboratory Practice) para determinar LMR's (Límites Máximos de Residuos) en col (Brassica oleracea var. capitata L.) Chapingo, Méx., México /
_c por Julio Cesar Escatante Ruiz
260 _aChapingo, Méx. :
_b el autor
300 _a25 h. anexos
502 _aTesis (Ing. Agr. Esp. en Parasitología Agrícola) -- UACh. Departamento Parasitología Agrícola
650 _aCol
_924481
650 _aPesticidas
_x residuos
_987570
710 _aI. UACh. Departamento Parasitología Agrícola
_9164478
901 _aPA TESIS 1508
902 _aA
905 _a0000002001 n 0000000000 00
910 _a2001
942 _cPARA
942 _cPARA
_d1
999 _c199144
_d199144